| 000 | 00773nac a22002411u 4500 | ||
|---|---|---|---|
| 010 | _a 00106234 | ||
| 020 | _a0782127541 | ||
| 082 |
_a005.4469 _bJOH |
||
| 090 |
_c5404 _d5404 |
||
| 100 | _aJohnson, Scott. | ||
| 245 | 1 | 0 |
_aMCSE : windows 2000 server exam notes / _cScott Johnson . |
| 250 | _a1st. | ||
| 260 |
_aAlameda, CA : _bSybex Inc., _c2000. |
||
| 300 |
_a455p. ; _c20cm. |
||
| 500 | _adistributer: Al-Ahram | ||
| 511 | _acatalogued by: wessam | ||
| 650 | _aMicrosoft Windows (Computer file) | ||
| 650 | _aMicrosoft Windows NT | ||
| 700 | _aDonald Lisa | ||
| 700 | _aChellis, James | ||
| 856 | 4 | 2 |
_3Publisher description _uhttp://www.loc.gov/catdir/enhancements/fy0610/00106234-d.html |
| 942 |
_cBB _k005.4469JOH |
||
| 999 |
_c5404 _d5404 |
||